ბათუმის შოთა რუსთაველის სახელმწიფო უნივერსიტეტის ბიბლიოთეკა

The Parthenon / (ბიბ.ჩანაწერი № 60722)

000 -LEADER
fixed length control field 00427nam a22001697a 4500
005 - DATE AND TIME OF LATEST TRANSACTION
control field 20231013152848.0
008 - FIXED-LENGTH DATA ELEMENTS--GENERAL INFORMATION
fixed length control field 231013s1973 enk||||| |||| 00| 0 eng d
020 ## - INTERNATIONAL STANDARD BOOK NUMBER
International Standard Book Number 0882250264
041 ## - LANGUAGE CODE
Language code of text/sound track or separate title eng
080 ## - UNIVERSAL DECIMAL CLASSIFICATION NUMBER
Universal Decimal Classification number 94(38) G-77
100 ## - MAIN ENTRY--PERSONAL NAME
Personal name Green, Peter
9 (RLIN) 20073
245 ## - TITLE STATEMENT
Title The Parthenon /
Statement of responsibility, etc. Peter Green.
264 ## - PRODUCTION, PUBLICATION, DISTRIBUTION, MANUFACTURE, AND COPYRIGHT NOTICE
Place of production, publication, distribution, manufacture New York,
Date of production, publication, distribution, manufacture, or copyright notice 1973.
300 ## - PHYSICAL DESCRIPTION
Extent 172 p.;
Other physical details ill.
Dimensions 30 cm.
653 ## - INDEX TERM--UNCONTROLLED
keyword ისტორია
942 ## - ADDED ENTRY ELEMENTS (KOHA)
Source of classification or shelving scheme
Koha item type წიგნი
ეგზემპლარები
Withdrawn status Lost status Source of classification or shelving scheme Damaged status Not for loan Permanent Location Current Location Shelving location Date acquired Cost, normal purchase price Full call number Barcode Date last seen Copy number Uniform Resource Identifier Price effective from Koha item type Public note
          ბათუმის შოთა რუსთაველის სახელმწიფო უნივერსიტეტის მთავარი ბიბლიოთეკა ბათუმის შოთა რუსთაველის სახელმწიფო უნივერსიტეტის მთავარი ბიბლიოთეკა წიგნსაცავი 2023-10-13 10.00 94(38) G-77 65238 2023-10-13 65238 ბსუ-ს საპატიო დოქტორის გურამ ლორთქიფანიძის საჩუქარი 2023-10-13 წიგნი 10 ლ.